Arbre exemplifical / (Record no. 123722)
[ view plain ]
| 000 -LEADER | |
|---|---|
| campo de control de longitud fija | 00574nam a2200181 i 4500 |
| 001 - NÚMERO DE CONTROL | |
| campo de control | 123722 |
| 003 - IDENTIFICADOR DE NÚMERO DE CONTROL | |
| campo de control | ES-MaACL |
| 005 - FECHA Y HORA DE LA ÚLTIMA TRANSACCIÓN | |
| campo de control | 20250716063301.0 |
| 007 - CAMPO FIJO DE DESCRIPCIÓN FÍSICA--INFORMACIÓN GENERAL | |
| campo de control de longitud fija | t| |
| 008 - DATOS DE LONGITUD FIJA--INFORMACIÓN GENERAL | |
| campo de control de longitud fija | 070214s1971 sp |||| | spa d |
| 100 0# - ENTRADA PRINCIPAL--NOMBRE DE PERSONA | |
| Nombre de persona | Ramón Llull, |
| Títulos y otros términos asociados al nombre | Beato, |
| Fechas asociadas al nombre | ca. 1232-1316? |
| 9 (RLIN) | 95219 |
| 245 10 - MENCIÓN DEL TÍTULO | |
| Título | Arbre exemplifical / |
| Mención de responsabilidad, etc. | Ramón Llull ; próleg i adaptació per Francesc de B. Moll. |
| 260 ## - PUBLICACIÓN, DISTRIBUCIÓN, ETC. | |
| Lugar de publicación, distribución, etc. | Palma de Mallorca : |
| Nombre del editor, distribuidor, etc. | Moll, |
| Fecha de publicación, distribución, etc. | 1971. |
| 300 ## - DESCRIPCIÓN FÍSICA | |
| Extensión | 173 p. ; |
| Dimensiones | 15 cm. |
| 700 1# - ENTRADA AGREGADA--NOMBRE PERSONAL | |
| Nombre de persona | Moll, Francesc de B. ( |
| Fechas asociadas al nombre | 1903-1991) |
| 9 (RLIN) | 82033 |
| 852 ## - LOCALIZACIÓN | |
| Ubicación | ES-MaACL |
| Número de control de estantería | C-42132 |
| Estatus retirado | Estado de pérdida | Estado de daño | No para préstamo | Biblioteca de origen | Biblioteca actual | Ubicación en estantería | Fecha de adquisición | Fuente de adquisición | Total de préstamos | Signatura topográfica completa | Código de barras | Visto por última vez | Precio de reemplazo | Tipo de ítem Koha |
|---|---|---|---|---|---|---|---|---|---|---|---|---|---|---|
| Biblioteca del Ateneo de Madrid | Biblioteca del Ateneo de Madrid | Depósito 2 | 17/01/2008 | C-42132 | 1128903 | 23/02/2023 | 23/02/2023 | Libro impreso |
